| 000 | 00551nam a2200169 i 4500 | ||
|---|---|---|---|
| 001 | 189745 | ||
| 003 | ES-MaACL | ||
| 005 | 20251017063116.0 | ||
| 008 | 191008s1954 sp |||| | spa d | ||
| 100 | 1 |
_aMacabich Llobet, Isidoro, _d1883-1973 _975047 |
|
| 245 | 1 | 0 |
_aHistoria de Ibiza. _nVIII, _pCrónicas, S. XIX / _cIsidoro Macabich Llobet. |
| 260 |
_aPalma de Mallorca : _b[s.n.], _c1954 ( _fImp. Alfa) |
||
| 300 |
_a1 v. ; _c25 cm. |
||
| 651 | 4 |
_aIbiza (Isla)- _xHistoria. _9168491 |
|
| 852 |
_aES-MaACL _jP-931 |
||
| 999 |
_c189745 _d189745 |
||